Huertos familiares, comunitarios y educativos para el autoconsumo en Centroamérica (Record no. 172230)

MARC details
000 -LEADER
fixed length control field 00528nam a2200145Ia 4500
008 - FIXED-LENGTH DATA ELEMENTS--GENERAL INFORMATION
fixed length control field 230503t2018||||xx |||||||||||||| ||spa||
110 ## - MAIN ENTRY--CORPORATE NAME
Corporate name or jurisdiction name as entry element Agencia de cooperación internacional
245 #0 - TITLE STATEMENT
Title Huertos familiares, comunitarios y educativos para el autoconsumo en Centroamérica
260 ## - PUBLICATION, DISTRIBUTION, ETC. (IMPRINT)
Place of publication, distribution, etc Santiago de Chile
Name of publisher, distributor, etc AGCI
Date of publication, distribution, etc 2018
260 ## - PUBLICATION, DISTRIBUTION, ETC. (IMPRINT)
Date of publication, distribution, etc 2018
300 ## - PHYSICAL DESCRIPTION
Extent 25 páginas
500 ## - GENERAL NOTE
General note (1-1190.00)
650 ## - SUBJECT ADDED ENTRY--TOPICAL TERM
Topical term or geographic name as entry element AGCI
856 ## - ELECTRONIC LOCATION AND ACCESS
Uniform Resource Identifier <a href="http://sociedadanonima.cl/wp-content/uploads/2018/02/Resumen_informe.pdf">http://sociedadanonima.cl/wp-content/uploads/2018/02/Resumen_informe.pdf</a>
Link text Click para acceder al recurso

No items available.